000 00523ntaaa2200205 4500
003 01
005 20251027201719.0
008 0714s1973 ag 01
040 _aAR-BaBN
_bspa
_cAR-BaBN
_eaacr
_dRIC
082 _a234.1000 Sa5
100 _aSangster, W.E.
245 _aThe path to perfection
250 _a1 ed.
260 _aLondon :
_bEpworth Press,
_c1957
300 _a211 p
650 _ateología-perfección
_914374
650 _aperfección-teología
_914375
650 _aWesley-teología
_915705
942 _cBK
999 _c11813
_d11813